Veterinary Medicine A-Z - Statistics

General Stats
  • This quiz has been taken 310 times
  • The average score is 9 of 26
Answer Stats
Hint Answer % Correct
J Yellowing of mucous membranes, gums, skin, etc. Jaundice
78%
B Term for dog having a short nose, ie Boxer Brachycephalic
73%
D Directional term meaning "away from" Distal
67%
R Directional term meaning 'towards the nose' Rostral
58%
I A radioactive version of this is used to treat hyperthyroidism in cats Iodine
57%
W Rabies causes a fear of this Water
53%
N A freshly born creature, infant Neonate
50%
L A bacterial infection transmitted through the urine of wildlife, especially racoons Leptospirosis
48%
P Feline with extra toes Polydactyl
46%
K Elevated SDMA can be an early indicator of this condition, chronic version has 5 stages Kidney disease
44%
C Anti-nausea medication for dogs and cats, available as a pill or injection Cerenia
42%
G A procedure that tacks the stomach, preventing it from flipping Gastropexy
42%
F Fatal disease caused by a variant of the Corona virus Feline Infectious Perotinitis
37%
T Orthopedic surgical fix for a torn cruciate ligament in (usually medium-large) dogs TPLO
36%
X Highly toxic to dogs/cats, artificial sweetener often used in sugar-free gum Xylitol
28%
Y Malassezia culprit Yeast
26%
O Non-steroidal anti-inflammatory medication for felines Onsior
20%
H A condition causing characteristic bloody stool, and occasional vomiting Hemorrhagic Gastroenteritis
17%
Q Name of the different parts of a normal EKG rythymn QRS complex
16%
A Sticky yellow medication, used to treat coccidia (among other things) Albon
13%
E What a capnograph measures End tidal CO2
13%
U A complete one is a medical emergency, can be caused by stones/inflammation in the bladder Urinary obstruction
11%
V Licensing exam for veterinary technicians VTNE
7%
M Cat color pattern, legend has it a cat of this color saved Muhammed from a cobra. To show his gratitude, he marked it with an M on its head. Mackerel Tabby
3%
S Slang term for oxygen cage Snyder
2%
Z An alternative to surgical castration, this procedure uses an injection to render a male dog sterile. Zeuter
2%
No matching quizzes found
Score Distribution
Percent of People with Each Score
Percentile by Number Answered
Your Score History
You have not taken this quiz